000 00599nab#a2200205#c#4500
999 _c87709
_d87709
003 IEF
005 20191205183311.0
008 950704s1975 uuu|| #####0 b| |u
040 _aIEF
_cES-MaIEF
100 1 _aTiebout, Charles Mills
_943536
245 _aUna teoría económica de la descentralización fiscal
_c Charles M. Tiebout
260 _c1975
500 _aBibliografía
650 4 _aFEDERALISMO FISCAL
_944156
650 4 _aDESCENTRALIZACION FISCAL
_942579
773 0 _tHacienda pública española
_w34570
_gn. 35, 1975;pags. 394-405
942 _2udc
942 _2udc